000 00815nam a22002897a 4500
001 BR8703673
003 BR-BrBNA
005 20230928092622.0
007 ta
008 230509b bl.||||| |||| 00| 0 por d
040 _aBR-BrBNA
_bpor
_cBiblioteca Nacional de Agricultura
041 _a(Por)
072 _aP10; F06
_b/G514
090 _ P10 BR8703673
100 1 _aHargreaves, G.H.
110 1 _aUtah State Univ., Salt Lake City (USA)
_911400
245 1 _aPotential evapotranspiration and irrigation requirements for northeast Brazil
260 3 _aSalt Lake City, Utah (USA):
_c1974.
300 _a55 p.
500 _a12 tables
650 _aEVAPOTRANSPIRACAO
650 _aTEMPERATURA
650 _aIRRIGACAO
650 _aREGIAO NORDESTE
909 _a202309
_bLucia
_c55
_dLucia Elande
942 _cBK
999 _c40193
_d40193